MARC details
| 000 -LEADER |
| fixed length control field |
01642cam a2200385 a 4500 |
| 001 - CONTROL NUMBER |
| control field |
3016461 |
| 003 - CONTROL NUMBER IDENTIFIER |
| control field |
BDDh-ASL |
| 005 - DATE AND TIME OF LATEST TRANSACTION |
| control field |
20231015030250.0 |
| 008 - FIXED-LENGTH DATA ELEMENTS--GENERAL INFORMATION |
| fixed length control field |
941005s1996 cauabf b 001 0aeng |
| 010 ## - LIBRARY OF CONGRESS CONTROL NUMBER |
| LC control number |
94040457 |
| 020 ## - INTERNATIONAL STANDARD BOOK NUMBER |
| International Standard Book Number |
0520200543 (alk. paper) |
| 020 ## - INTERNATIONAL STANDARD BOOK NUMBER |
| International Standard Book Number |
0520200551 (pbk. : alk. paper) |
| 040 ## - CATALOGING SOURCE |
| Original cataloging agency |
DLC |
| Transcribing agency |
DLC |
| Modifying agency |
DLC |
| -- |
BDDh-ASL |
| 041 1# - LANGUAGE CODE |
| Language code of text/sound track or separate title |
eng |
| Language code of original |
kor |
| 043 ## - GEOGRAPHIC AREA CODE |
| Geographic area code |
a-kr--- |
| 050 00 - LIBRARY OF CONGRESS CALL NUMBER |
| Classification number |
DS913.392.H94 |
| Item number |
A3 1996 |
| 082 00 - DEWEY DECIMAL CLASSIFICATION NUMBER |
| Classification number |
920.7 |
| Edition number |
20 |
| Item number |
HAM |
| 100 0# - MAIN ENTRY--PERSONAL NAME |
| Personal name |
Hyegyŏnggung Hong Ssi, |
| Dates associated with a name |
1735-1815. |
| 240 10 - UNIFORM TITLE |
| Uniform title |
Hanjungnok. |
| Language of a work |
English |
| 245 14 - TITLE STATEMENT |
| Title |
The memoirs of Lady Hyegyŏng : |
| Remainder of title |
the autobiographical writings of a Crown Princess of eighteenth-century Korea / |
| Statement of responsibility, etc. |
translated with an introduction and annotations by JaHyun Kim Haboush. |
| 260 ## - PUBLICATION, DISTRIBUTION, ETC. |
| Place of publication, distribution, etc. |
Berkeley : |
| Name of publisher, distributor, etc. |
University of California Press, |
| Date of publication, distribution, etc. |
c1996. |
| 300 ## - PHYSICAL DESCRIPTION |
| Extent |
xii, 372 p., [9] p. of plates : |
| Other physical details |
ill., map ; |
| Dimensions |
24 cm. |
| 504 ## - BIBLIOGRAPHY, ETC. NOTE |
| Bibliography, etc. note |
Includes bibliographical references (p. 343-354) and index. |
| 600 00 - SUBJECT ADDED ENTRY--PERSONAL NAME |
| Personal name |
Hyegyŏnggung Hong Ssi, |
| Dates associated with a name |
1735-1815. |
| 650 #0 - SUBJECT ADDED ENTRY--TOPICAL TERM |
| Topical term or geographic name entry element |
Civilization, Modern |
| Chronological subdivision |
18th century. |
| 650 #0 - SUBJECT ADDED ENTRY--TOPICAL TERM |
| Topical term or geographic name entry element |
Princesses |
| Geographic subdivision |
Korea |
| General subdivision |
Biography. |
| 651 #0 - SUBJECT ADDED ENTRY--GEOGRAPHIC NAME |
| Geographic name |
Korea |
| General subdivision |
Kings and rulers. |
| 651 #0 - SUBJECT ADDED ENTRY--GEOGRAPHIC NAME |
| Geographic name |
Korea |
| General subdivision |
History |
| Chronological subdivision |
1637-1864. |
| 700 1# - ADDED ENTRY--PERSONAL NAME |
| Personal name |
Haboush, JaHyun Kim. |
| 856 42 - ELECTRONIC LOCATION AND ACCESS |
| Materials specified |
Contributor biographical information |
| Uniform Resource Identifier |
<a href="http://www.loc.gov/catdir/bios/ucal051/94040457.html">http://www.loc.gov/catdir/bios/ucal051/94040457.html</a> |
| 856 42 - ELECTRONIC LOCATION AND ACCESS |
| Materials specified |
Publisher description |
| Uniform Resource Identifier |
<a href="http://www.loc.gov/catdir/description/ucal041/94040457.html">http://www.loc.gov/catdir/description/ucal041/94040457.html</a> |
| 906 ## - LOCAL DATA ELEMENT F, LDF (RLIN) |
| a |
7 |
| b |
cbc |
| c |
orignew |
| d |
1 |
| e |
ocip |
| f |
19 |
| g |
y-gencatlg |
| 942 ## - ADDED ENTRY ELEMENTS (KOHA) |
| Source of classification or shelving scheme |
Dewey Decimal Classification |
| Koha item type |
Books |